000 00992nac a22002891i 4500
003 EG-ScBUE
005 20260309095552.0
008 260228t2007 njua f b 001 0 eng d
020 _a0130352160
020 _a9780130352163
035 _a(OCoLC)ocm64289598
035 _a(OCoLC)64289598
040 _aEG-ScBUE
_beng
_erda
_cEG-ScBUE
_dEG-ScBUE
082 0 4 _a570.1
_bALL
_222
100 1 _aAllen, Linda J. S.,
_eauthor.
245 1 3 _aAn introduction to mathematical biology /
_cLinda J. S. Allen, Department of Mathematics and Statistics, Texas Tech University.
264 1 _aUpper Saddle River, NJ :
_bPearson/Prentice Hall,
_c[2007]
264 4 _cc2007
300 _axii, 348 pages :
_billustrations ;
_c27 cm
336 _2rdacontent
_atext
_btxt
337 _aunmediated
_2rdamedia
_bn
338 _avolume
_bnc
_2rdacarrier
504 _aIncludes bibliographical references and index.
650 7 _aBiology
_xMathematical models.
_2BUEsh
655 _vReading book
942 _cBB
_2ddc
999 _c2357
_d2357